00441nam a2200181Ia 4500008004100000020001800041041000800059082001900067100001400086245002900100250001200129260003500141300000900176500001600185500001600201650001600217700002600233230125s9999 xx 000 0 und d a0-256-13412-X aeng a659.1bARE/BOV aArens W F aContemporary Advertising a5th Ed. c1994bIRWIN PublishersaSydney a574p aadvertising aAdvertising aAdvertising aArens W F & Bovee C L